01108nam a2200277 a 450000100060000000300090000600500170001500800410003202000150007303500180008804000260010604100080013208200310014010000290017124501230020026000550032330000320037850000530041050400280046365100380049165100590052983000470058894200120063599900170064795201660066458807BD-RJUL 20211209080647.0161219s1971 us a b 001 0 eng d a0674200128 aBD-RjUL 58931 aBD-RjULbengcBD-RjUL aeng 223 a330.95491 bMAD 1971 1 aMacEwan, Arthur.917482810aDevelopment alternatives in Pakistan :ba multisectoral and regional analysis of planning problems / cArthur MacEwan  aCambridge, Mass :bHarvard University Press,c1971 axv, 211 p. :bill. ;c24 cm aA revision of the author's thesis, Harvard, 1969 aBibliography: p.199-204 0aPakistanxEconomic policy9174829 0aPakistanxEconomic policyxMathematical models9174830 0aHarvard economic studies ;vv.134.9174832 2ddccBK c58807d58807 00102ddc40718NFICaRUCLbRUCLcReadingd2009-04-16eprofessor Momotaz Ahmed, Philosophy R.Ul0o330.95491 MAD 1971r2016-12-19 00:00:00tC-1w2016-12-19yBK